000 00253nam a22000857a 4500
008 240921b |||||||| |||| 00| 0 eng d
020 _a9789357287029
100 _aOswaal Books
245 _aJEE Advanced Year Wise 2002-2023 Solved Question Papers (Mathematics)
999 _c12687
_d12687